| 000 | 02450cam a22005414i 4500 | ||
|---|---|---|---|
| 003 | PE-LiUPU | ||
| 005 | 20250731184510.0 | ||
| 008 | 080603s2007 pe a 001 0 spa d | ||
| 020 | _a9789972463648 | ||
| 020 | _a9972463648 | ||
| 035 | _a(Sirsi) i9789972463648 | ||
| 040 |
_aESUCM _bspa _cESUCM _dPE-LiUPU _erda |
||
| 049 | _aPRUA | ||
| 082 |
_a902 _bS17 _220 |
||
| 100 | 1 |
_aSalaverry Llosa, Jose A., _eautor. |
|
| 245 | 1 | 0 |
_aInstrumentos y sistemas andinos : _bmedición, cómputo de tiempo y lugar (Pacha) en el Perú prehispánico / _cJosé A. Salaverry Llosa. |
| 250 | _a1 edición. | ||
| 264 |
_aLima : _bCorporación Financiera de Desarrollo : Universidad Nacional Mayor de San Marcos, _c2007. |
||
| 300 |
_a283 páginas : _bilustraciones ; _c30 centímetros. |
||
| 336 |
_text _2rdacontent |
||
| 337 |
_unmediated _2rdamedia |
||
| 338 |
_volume _2rdacarrier |
||
| 500 | _aBibliografía: páginas 259-275. | ||
| 500 | _aÍndice : páginas 277-283. | ||
| 505 | 2 | _aInstrumentos andinos utilizados para la medición, cómputo y transmisión de los conocimientos del tiempo y el lugar-pacha en quechua -- El sistema cceque de líneas, rayas, divisiones utilizado en los relojes solares-lunares andinos (pachaunanchac) y con fines geográficos -- Los sistemas calendáricos andinos: El Pacha como expresión del paso del tiempo -- La predicción de cómo viene el clima o temple del año agrícola -- El PACHA cómo expresión del espacio: las medidas andinas de tamaño, distancia y área. | |
| 526 | _aP136 | ||
| 526 | _aP135 | ||
| 526 | _aP134 | ||
| 526 | _aP133 | ||
| 526 | _aP144 | ||
| 526 | _aP143 | ||
| 526 | _aP87 | ||
| 526 | _aP35 | ||
| 526 | _aP20 | ||
| 526 | _aP14 | ||
| 526 | _aP10 | ||
| 526 | _aP06 | ||
| 541 | _g060-0024019: | ||
| 650 | 0 | 4 | _aCronologia prehispánica. |
| 650 | 0 | 4 | _aPeru prehispanico. |
| 710 | 2 | _aCorporacion Financiera de Desarrollo (Lima) | |
| 710 | 2 | _aUniversidad Nacional Mayor de San Marcos. | |
| 942 |
_2ddc _cBOOK |
||
| 949 |
_a902 S17 _wDEWEY _c1 _i74456 _lCCODEBUL1 _mBUL _p16.37 _r0 _sY _tBOOK _u2016-8-12 _xEDUCACION _PP06 _0COMPRA _o.STAFF. Colección General |
||
| 994 |
_aC0 _bPEPRU |
||
| 596 | _a1 | ||
| 999 |
_a902 S17 _wDEWEY _c11867 _i74456 _d11867 _e2018-3-19 _f2021-11-9 _g5 _lCCODEBUL1 _mBUL _n2 _p16.37 _r0 _sY _tBOOK _u2016-8-12 _xEDUCACION _PP06 _0COMPRA _o.STAFF. Colección General |
||
| 980 |
_81 _gALBERTO SANCHEZ Responsable de Automatización |
||